Normal view
MARC view
- لطفي، محمد حسام محمود
Entry Personal Name
001 - CONTROL NUMBER
- control field: 44788
003 - CONTROL NUMBER IDENTIFIER
- control field: JO-AjAnu
005 - DATE AND TIME OF LATEST TRANSACTION
- control field: 20230606081420.0
008 - FIXED-LENGTH DATA ELEMENTS
- fixed length control field: 230606|| aca||aabn | a|a d
040 ## - CATALOGING SOURCE
- Original cataloging agency: JO-AjAnu
- Transcribing agency: JO-AjAnu
100 ## - HEADING--PERSONAL NAME
- Personal name: لطفي، محمد حسام محمود
670 ## - SOURCE DATA FOUND
- Source citation: Work cat.: (JO-AjAnu)22934: لطفي، محمد حسام محمود, author, حقوق الملكية الفكرية: المفاهيم الأساسية، دراسة لأحكام القانون رقم 82 لسنة 2002 في ضوء آراء الفقه وأحكام القضاء المقارن